000 00508nam a2200169 i 4500
001 70108
003 ES-MaACL
005 20231205195754.0
007 t|
008 040716s1944 sp ||||1| spa d
100 1 _aGarcía Nieto, José,
_d1914-2001
_955029
245 1 0 _aVersos de un huesped de Luisa Esteban /
_cJosé García Nieto.
260 _aMadrid :
_bGarcilaso,
_c1944.
300 _a[26 p.] ;
_c22 cm.
852 _aES-MaACL
_j1852-F-15
_z.- Ded. ms. del autor
_bR.21498
999 _c70108
_d70108